Black nationalism in Africa, 1867 ; extracts from the political, educational, scientific, and medical writings of Africanus Horton /

Bibliographic Details
Main Author: Horton, James Africanus Beale
Other Authors: Nicol, Davidson
Format: Book
Language:English
Published: [New York] : Africana Pub. Corp., [1969]
Series:African classics series.
Subjects:

MARC

Tag First Indicator Second Indicator Subfields
LEADER 00000cam a2200000 4500
001 in00000237154
005 20151010050231.0
008 700602s1969 nyubcfh b 00010 eng
010 |a  77094833  
035 |a (OCoLC)00077784 
035 |9 ABA8481AM 
040 |a DLC  |c DLC  |d TXA  |d UtOrBLW 
049 |a TXAM  |c [1323188] 
050 0 0 |a DT503  |b .H65 1969 
082 0 |a 916.6 
100 1 |a Horton, James Africanus Beale. 
245 1 0 |a Black nationalism in Africa, 1867 ;  |b extracts from the political, educational, scientific, and medical writings of Africanus Horton /  |c Chosen, edited, and introd. by Davidson Nicol. 
264 1 |a [New York] :  |b Africana Pub. Corp.,  |c [1969] 
300 |a ix, 185 pages, 1 unnumbered page :  |b facsimiles, map (on lining papers), plates, portrait ;  |c 20 cm. 
336 |a text  |b txt  |2 rdacontent 
337 |a unmediated  |b n  |2 rdamedia 
338 |a volume  |b nc  |2 rdacarrier 
490 1 |a African classics series 
504 |a Bibliography: pages 185-[186]. 
650 0 |a Nationalism  |z Africa, West  |x History. 
651 0 |a Africa, West. 
700 1 |a Nicol, Davidson. 
830 0 |a African classics series. 
999 |a MARS 
999 f f |s dfe47a75-2195-3c3f-b5ab-e1e6cbd90fd5  |i 0950ff30-acb8-3239-8b39-6f0d36a9a6d6  |t 0 
952 f f |p normal  |a Texas A&M University  |b College Station  |c Sterling C. Evans Library  |d Evans: Library Stacks  |t 0  |e DT503 .H65 1969  |h Library of Congress classification  |i unmediated -- volume  |m A14802096818 
998 f f |a DT503 .H65 1969  |t 0  |l Evans: Library Stacks